Tesoros del la edad de bronce del Museo Shanghai (Record no. 500)

MARC details
000 -CABECERA
campo de control de longitud fija 00801nam a2200181 a 4500
001 - NÚMERO DE CONTROL
campo de control BRCA_570
005 - FECHA Y HORA DE LA ÚLTIMA TRANSACCIÓN
campo de control 20190320203052.0
008 - DATOS DE LONGITUD FIJA--INFORMACIÓN GENERAL
campo de control de longitud fija 171005s1994----mx-a---###---#000-0#spa-d
020 ## - NÚMERO INTERNACIONAL ESTÁNDAR DEL LIBRO
Número Internacional Estándar del Libro 9686191453
-- NK7983
-- .T47 1994
245 10 - MENCIÓN DE TÍTULO
Título Tesoros del la edad de bronce del Museo Shanghai
Mención de responsabilidad, etc. traducción Leticia Leduc.
260 ## - PUBLICACIÓN, DISTRIBUCIÓN, ETC.
Lugar de publicación, distribución, etc. México
Nombre del editor, distribuidor, etc. Fundación Cultural Televisa ; Centro Cultural Arte Contemporáneo
Fecha de publicación, distribución, etc. 1994
300 ## - DESCRIPCIÓN FÍSICA
Extensión 183 p.
Otras características físicas il. a color, tablas, mapas
Dimensiones 30 cm.
500 ## - NOTA GENERAL
Nota general Catálogo de la exposición realizada en el Centro Cultural Arte Contemporáneo (Ciudad de México), 3 marzo - 3 julio, 1994
650 14 - PUNTO DE ACCESO ADICIONAL DE MATERIA--TÉRMINO DE MATERIA
Término de materia o nombre geográfico como elemento de entrada Bronce
Subdivisión de forma Catálogo
Subdivisión cronológica Siglo XVII-III a.c
Subdivisión geográfica China
9 (RLIN) 1966
650 14 - PUNTO DE ACCESO ADICIONAL DE MATERIA--TÉRMINO DE MATERIA
Término de materia o nombre geográfico como elemento de entrada Metales y metalistería
Subdivisión cronológica Dinastías Xia, Shang y Zhon
Subdivisión geográfica China
9 (RLIN) 1967
700 1# - PUNTO DE ACCESO ADICIONAL--NOMBRE DE PERSONA
Nombre de persona Leduc, Leticia
9 (RLIN) 1968
942 ## - ELEMENTOS DE PUNTO DE ACCESO ADICIONAL (KOHA)
Fuente del sistema de clasificación o colocación Library of Congress Classification
Tipo de ítem Koha Libros
Holdings
Estado de retiro Estado de pérdida Estado dañado No para préstamo Localización permanente Ubicación/localización actual Fecha de adquisición Total de préstamos Código de barras Fecha visto por última vez Precio válido a partir de Tipo de ítem Koha
El ejemplar forma parte de la colección y puede ser consultado según las políticas vigentes.       Biblioteca del Museo Franz Mayer (Rogerio Casas-Alatriste) Biblioteca del Museo Franz Mayer (Rogerio Casas-Alatriste) 25/06/2008   00888 22/03/2019 22/03/2019 Libros